VPLYV ODRODY NA OBSAH KAROTENOIDOV A LYKOPÉNU V PLODOCH RAJČIAKA JEDLÉHO (LYCOPERSICON ESCULENTUM MILL.) A V RAJČIAKOVEJ ŠŤAVE

Bibliographic Details
Main Authors: Mendelová, Andrea, 1973- (Author), Andrejiová, Alena, 1974- (Author)
Format: Article
Language:Slovak
ISBN:9788055207698
Subjects:

MARC

LEADER 00000naa a2200000 a 4500
001 vtls011856162
003 SK-MaSNL
005 20260302133412.0
008 210910|2012 xo |||||||||||||||||slo|
015 |a SNBCL 
035 |a (urnnbn)urn:nbn:sk:snk:ar-a0b0by 
035 |a urn:nbn:sk:snk-aaw9ys 
035 |a (uuid)6229ebb8-1e9a-431e-aff0-4681de51279b 
040 |a SNKBUCL  |b slo  |c SNKBUCL  |e AACR2 
041 |a slo 
044 |a xo  |c SK 
100 1 |a Mendelová, Andrea,  |d 1973-  |4 aut  |9 193536 
245 1 0 |a VPLYV ODRODY NA OBSAH KAROTENOIDOV A LYKOPÉNU V PLODOCH RAJČIAKA JEDLÉHO (LYCOPERSICON ESCULENTUM MILL.) A V RAJČIAKOVEJ ŠŤAVE  |c Andrea Mendelová, Alena Andrejiová 
246 3 |a EFFECT OF CULTIVAR ON CAROTENIODS AND LYCOPENE CONTENT IN TOMATO FRUITS (LYCOPERSICON ESCULENTUM MILL.) AND IN TOMATO JUICE 
336 |a text  |b txt  |c rdacontent 
337 |a bez média  |b n  |c rdamedia 
338 |a zväzok  |b nc  |c rdacarrier 
655 7 |a články zo zborníkov  |2 snkbucl  |9 166140 
700 1 |a Andrejiová, Alena,  |d 1974-  |4 aut  |9 185655 
773 0 |t Bezpečnosť a kontrola potravín  |d Nitra : Slovenská poľnohospodárska univerzita, 2012  |g S. 253-256  |z 9788055207698 
958 |a OND 
958 |a article26 
958 |a chapter 
999 |c 1316713  |d 1318643